Najdrożsi piłkarze świata 2021! - Statystyki

Ogólne statystyki
  • Ten quiz został rozwiązany 5 295 razy
  • Średni wynik to 23 z 102
Statystyki odpowiedzi
Wartość Narodowość Zawodnik % Poprawnych
160,00 mln € Francja Mbappe
95%
110,00 mln € Brazylia Neymar
90%
50,00 mln € Portugalia Ronaldo
88%
80,00 mln € Argentyna Messi
83%
110,00 mln € Norwegia Haaland
82%
110,00 mln € Egipt Salah
80%
120,00 mln € Anglia Kane
77%
60,00 mln € Polska Lewandowski
71%
100,00 mln € Senegal Mane
64%
85,00 mln € Korea Południowa Son
57%
100,00 mln € Belgia De Bruyne
51%
70,00 mln € Hiszpania Pedri
43%
70,00 mln € Anglia Foden
42%
90,00 mln € Belgia Lukaku
41%
100,00 mln € Anglia Sterling
37%
70,00 mln € Holandia Van Dijk
37%
90,00 mln € Słowenia Oblak
34%
75,00 mln € Kanada Davies
30%
80,00 mln € Holandia De Jong
30%
60,00 mln € Anglia Saka
30%
90,00 mln € Portugalia Fernandes
29%
50,00 mln € Maroko Hakimi
28%
90,00 mln € Niemcy Kimmich
28%
60,00 mln € Francja Pogba
26%
85,00 mln € Anglia Rashford
26%
70,00 mln € Portugalia Silva
26%
55,00 mln € Francja Kante
25%
70,00 mln € Argentyna Martinez
25%
70,00 mln € Niemcy Sane
25%
80,00 mln € Portugalia Felix
24%
60,00 mln € Anglia Grealish
24%
100,00 mln € Anglia Sancho
24%
50,00 mln € Francja Dembele
23%
60,00 mln € Włochy Donnarumma
23%
70,00 mln € Urugwaj Valverde
23%
75,00 mln € Belgia Courtois
22%
65,00 mln € Brazylia Alisson
21%
50,00 mln € Hiszpania Morata
21%
70,00 mln € Szkocja Robertson
21%
55,00 mln € Austria Alaba
20%
70,00 mln € Portugalia Dias
20%
56,00 mln € Brazylia Ederson
20%
60,00 mln € Argentyna Dybala
19%
50,00 mln € USA Pulisic
19%
70,00 mln € Niemcy Havertz
18%
60,00 mln € Anglia Mount
18%
100,00 mln € Anglia Alexander-Arnold
17%
50,00 mln € Portugalia Cancelo
17%
70,00 mln € Brazylia Casemiro
17%
70,00 mln € Niemcy Gnabry
17%
60,00 mln € Francja Griezmann
17%
60,00 mln € Anglia Rice
17%
70,00 mln € Hiszpania Rodri
17%
75,00 mln € Niemcy Ter Stegen
17%
50,00 mln € Francja Mendy
16%
60,00 mln € Włochy Chiesa
15%
75,00 mln € Holandia De Ligt
15%
70,00 mln € Niemcy Goretzka
15%
50,00 mln € Niemcy Kroos
15%
65,00 mln € Niemcy Werner
15%
65,00 mln € Francja Coman
14%
50,00 mln € Senegal Koulibaly
14%
50,00 mln € Hiszpania Torres
14%
60,00 mln € Włochy Verratti
14%
60,00 mln € Brazylia Jesus
13%
70,00 mln € Francja Varane
13%
80,00 mln € Hiszpania Fati
12%
50,00 mln € Francja Hernandez
12%
55,00 mln € Brazylia Firmino
11%
60,00 mln € Brazylia Richarlison
11%
60,00 mln € Włochy Barella
10%
60,00 mln € Francja Kounde
10%
70,00 mln € Brazylia Marquinhos
10%
60,00 mln € Francja Camavinga
9%
50,00 mln € Francja Laporte
9%
70,00 mln € Serbia Milinkovic
9%
55,00 mln € Słowacja Skriniar
9%
60,00 mln € Brazylia Fabinho
8%
50,00 mln € WKS Kessie
8%
50,00 mln € Nigeria Osimhen
8%
60,00 mln € Francja Upamecano
8%
60,00 mln € Hiszpania Koke
7%
50,00 mln € Nigeria Ndidi
7%
60,00 mln € Urugwaj Gimenez
6%
70,00 mln € Hiszpania Llorente
5%
55,00 mln € Włochy Bastoni
4%
55,00 mln € Holandia De Vrij
4%
60,00 mln € Anglia Maddison
4%
50,00 mln € Portugalia Neves
4%
70,00 mln € Hiszpania Oyarzabal
4%
55,00 mln € Belgia Tielemans
4%
50,00 mln € Anglia Greenwood
3%
55,00 mln € Argentyna Icardi
3%
50,00 mln € Francja Martial
3%
55,00 mln € Hiszpania Saul
3%
50,00 mln € Brazylia Arthur
2%
50,00 mln € Anglia Chilwell
2%
50,00 mln € Hiszpania Alberto
1%
50,00 mln € Francja Aouar
1%
50,00 mln € Brazylia Carlos
1%
50,00 mln € Francja Ndombele
1%
Nie znaleziono quizów pasujących do podanych kryteriów
Rozkład punktacji
Procent ludzi z każdym wynikiem
Percentyl według liczby udzielonych odpowiedzi
Twoja historia wyników
Nie rozwiązałeś tego quizu